| 000 | 02589cam a22003498i 4500 | ||
|---|---|---|---|
| 001 | 21519205 | ||
| 003 | EG-ScBUE | ||
| 005 | 20211109140544.0 | ||
| 008 | 200504s2020 enkb f b 001 0 eng d | ||
| 020 | _a9781119574279 | ||
| 040 |
_aDLC _beng _erda _cDLC _dEG-ScBUE |
||
| 082 | 0 | 4 |
_a340.0285 _bLEG _222 |
| 245 | 0 | 4 |
_aThe legaltech book : _bthe legal technology handbook for investors, entrepreneurs and FinTech visionaries / _cedited by Sophia Adams Bhatti [and three others] |
| 264 | 1 |
_aChichester, West Sussex, United Kingdom : _bJohn Wiley & Sons, _c2020. |
|
| 300 |
_axiv, 265 pages : _bmaps ; _c24 cm |
||
| 336 |
_atext _btxt _2rdacontent |
||
| 337 |
_aunmediated _bn _2rdamedia |
||
| 338 |
_avolume _bnc _2rdacarrier |
||
| 504 | _aIncludes bibliographical references and index. | ||
| 520 |
_a"Written by prominent thought leaders in the global FinTech investment space, The LegalTech Book aggregates diverse expertise into a single, informative volume. Key industry developments are explained in detail, and critical insights from cutting-edge practitioners offer first-hand information and lessons learned. Coverage includes: The current status of LegalTech, why now is the time for it to boom, the drivers behind it, and how it relates to FinTech, RegTech, InsurTech and WealthTech Applications of AI, machine learning and deep learning in the practice of law; e-discovery and due diligence; AI as a legal predictor LegalTech making the law accessible to all; online courts, online dispute resolution The Uberization of the law; hiring and firing through apps Lawbots; social media meets legal advice To what extent does LegalTech make lawyers redundant? Cryptocurrencies, distributed ledger technology and the law The Internet of Things, data privacy, automated contracts Cybersecurity and data Technology vs. the law; driverless cars and liability, legal rights of robots, ownership rights over works created by technology Legislators as innovators"-- _cProvided by publisher. |
||
| 650 | 7 |
_aPractice of law _xAutomation. _2BUEsh |
|
| 650 | 7 |
_aLaw _xData processing. _2BUEsh |
|
| 650 | 7 |
_aInformation technology. _2BUEsh |
|
| 650 | 7 |
_aTechnology and law. _2BUEsh |
|
| 653 |
_bLLAAWW _cNovember2021 |
||
| 655 |
_vReading book _934232 |
||
| 700 | 1 |
_aBhatti, Sophia Adams, _eeditor. |
|
| 776 | 0 | 8 |
_iOnline version: _tLegaltech book _dChichester, West Sussex, United Kingdom : John Wiley & Sons, 2020. _z9781119574286 _w(DLC) 2020008306 |
| 906 |
_a7 _bcbc _corignew _d1 _eecip _f20 _gy-gencatlg |
||
| 942 |
_2ddc _cBB |
||
| 999 |
_c29667 _d29638 |
||